Derecho procesal civil español
Saved in:
| Hovedforfatter: | |
|---|---|
| Format: | Bog |
| Sprog: | spansk |
| Udgivet: |
Madrid
Revista de Derecho Privado
1951
|
| Udgivelse: | 3a. ed |
| Serier: | Manuales de Derecho, 8-9
|
| Fag: | |
| Tags: |
Tilføj Tag
Ingen Tags, Vær først til at tagge denne postø!
|
MARC
| LEADER | 00000nam a2200000 a 4500 | ||
|---|---|---|---|
| 001 | UCS0672 | ||
| 003 | CL-VaPUC | ||
| 008 | 970426e19510000SP |||||||||||||||||spa|d | ||
| 082 | 0 | 4 | |a 347.46 |b PLA |2 21 |
| 100 | 0 | |a Plaza, Manuel de la |e author |9 384448 | |
| 245 | 1 | 0 | |a Derecho procesal civil español |
| 250 | |a 3a. ed | ||
| 300 | |a 3 v | ||
| 942 | |c BK | ||
| 945 | |d 19970426 00:00:00 |a paguirre | ||
| 260 | |a Madrid |b Revista de Derecho Privado |c 1951 | ||
| 650 | 0 | |a Derecho civil |9 255013 | |
| 650 | 0 | |a Procedimiento civil |9 254870 | |
| 650 | 0 | |a Derecho procesal civil |9 258071 | |
| 650 | 7 | |a LEGISLACION |2 CL-VaPUC |9 384449 | |
| 650 | 0 | |a Tribunales de justicia |9 328494 | |
| 650 | 7 | |a DEMANDA |2 CL-VaPUC |9 255172 | |
| 650 | 0 | |a Prueba |9 256247 | |
| 650 | 7 | |a RESOLUCIONES JUDICIALES |2 CL-VaPUC |9 383998 | |
| 650 | 7 | |a JUICIO ORDINARIO |2 CL-VaPUC |9 254867 | |
| 650 | 0 | |a Costas |9 261336 | |
| 650 | 0 | |a Arbitraje judicial |9 384450 | |
| 651 | 0 | |a España |9 254926 | |
| 583 | |a last modification |c 19970426 00:00:00 |k Rodrigo Vera | ||
| 490 | 0 | |a Manuales de Derecho, 8-9 | |
| 999 | |c 258889 |d 258887 | ||
| 952 | |0 0 |1 0 |4 0 |6 347_460000000000000_PLA_1951 |7 0 |8 A |9 283262 |a BIBDER |b BIBDER |d 2019-11-19 |h v.1 |i 1839535 |o 347.46 PLA 1951 |p 1839535 |r 2023-01-25 |w 2019-11-19 |y BK |k DER | ||
| 952 | |0 0 |1 0 |4 0 |6 347_460000000000000_PLA_1951 |7 0 |8 A |9 283263 |a BIBDER |b BIBDER |d 2019-11-19 |h v.2 p.1 |i 1839543 |o 347.46 PLA 1951 |p 1839543 |r 2023-01-25 |w 2019-11-19 |y BK |k DER | ||
| 952 | |0 0 |1 0 |4 0 |6 347_460000000000000_PLA_1951 |7 0 |8 A |9 283264 |a BIBDER |b BIBDER |d 2019-11-19 |h v.2 p.2 |i 1839551 |o 347.46 PLA 1951 |p 1839551 |r 2023-01-25 |w 2019-11-19 |y BK |k DER | ||